<?xml version="1.0" encoding="UTF-8"?>
<marc:record xmlns:marc="http://www.loc.gov/MARC21/slim">
   <marc:leader>00000nam a2200000 a 4500</marc:leader>
   <marc:datafield ind1="1" ind2=" " tag="100">
      <marc:subfield code="a">Braun, Christina (Verfasser)</marc:subfield>
      <marc:subfield code="4">aut</marc:subfield>
      <marc:subfield code="e">Verfasser/-in</marc:subfield>
   </marc:datafield>
   <marc:datafield ind1=" " ind2=" " tag="653">
      <marc:subfield code="a">Quiz</marc:subfield>
   </marc:datafield>
   <marc:datafield ind1=" " ind2=" " tag="653">
      <marc:subfield code="a">Vulkan</marc:subfield>
   </marc:datafield>
   <marc:datafield ind1=" " ind2=" " tag="653">
      <marc:subfield code="a">Vulkanausbruch</marc:subfield>
   </marc:datafield>
   <marc:datafield ind1="0" ind2="0" tag="245">
      <marc:subfield code="a">Vulkane</marc:subfield>
   </marc:datafield>
   <marc:datafield ind1="0" ind2="0" tag="245">
      <marc:subfield code="b">; Was ist Was : Erstes Lesen Wie heißt der größte Vulkan der Welt? Wie nennt man flüssiges Gestein? Wie riechen Vulkane?</marc:subfield>
   </marc:datafield>
   <marc:datafield ind1=" " ind2="1" tag="264">
      <marc:subfield code="b">Tessloff Verlag</marc:subfield>
      <marc:subfield code="c">2018</marc:subfield>
   </marc:datafield>
   <marc:datafield ind1="1" ind2=" " tag="520">
      <marc:subfield code="a">Auf der Welt gibt es etwa 1.500 aktive Vulkane. Sie sehen von außen zwar unterschiedlich aus. Aber alle Vulkane sind ähnlich aufgebaut. Rico, der Fischadler, erzählt spannende Dinge über Vulkane und über die gefährliche Arbeit der Vulkanforscher. Die große Fibelschrift und das klare Layout sind speziell für Leseeinsteiger konzipiert, im Vordergrund stehen die Übersichtlichkeit und Lesbarkeit der Texte. Alles verstanden, Neues gelernt? Das Lesequiz gibt Antwort.</marc:subfield>
   </marc:datafield>
   <marc:datafield ind1=" " ind2=" " tag="020">
      <marc:subfield code="a">9783788626389</marc:subfield>
      <marc:subfield code="9">9783788626389</marc:subfield>
   </marc:datafield>
</marc:record>
